|
|
|
|
| LEADER |
00000nbm0a2200000 4500 |
| 001 |
149563 |
| 005 |
20240222154822.0 |
| 029 |
0 |
0 |
|a SU
|b 01930007423
|f ТПУ
|
| 035 |
|
|
|a (RuTPU)RU\TPU\book\162144
|
| 090 |
|
|
|a 149563
|
| 100 |
|
|
|a 20081218d1994 k y0rusy50 ca
|
| 101 |
0 |
|
|a rus
|
| 102 |
|
|
|a RU
|
| 105 |
|
|
|a a p 001zy
|
| 200 |
1 |
|
|a Выявление петрофизических условий локализации месторождений золота
|e отчет о НИР
|e тема: г/б 1.53
|f Томский политехнический университет (ТПУ) ; руководитель Г. Г. Номоконова ; Ю. В. Колмаков
|
| 210 |
|
|
|a Томск
|d 1994
|
| 215 |
|
|
|a 47 л.
|
| 320 |
|
|
|a Библиогр.: с. 46-47.
|
| 333 |
|
|
|a Передано в Государственный архив Томской области
|
| 702 |
|
1 |
|a Номоконова
|b Г. Г.
|c геолог
|c доцент Томского политехнического университета, кандидат геолого-минералогических наук
|f 1942-
|g Галина Георгиевна
|3 (RuTPU)RU\TPU\pers\18578
|4 673
|
| 702 |
|
1 |
|a Колмаков
|b Ю. В.
|c геолог
|c доцент Томского политехнического университета, кандидат геолого-минералогических наук
|c выпускник ТПИ 1988
|f 1966-
|g Юрий Викторович
|3 (RuTPU)RU\TPU\pers\18584
|4 677
|9 6884
|
| 712 |
0 |
2 |
|a Томский политехнический университет (ТПУ)
|c (1991- )
|3 (RuTPU)RU\TPU\col\376
|4 595
|
| 801 |
|
1 |
|a RU
|b 63413507
|c 20081218
|g PSBO
|
| 801 |
|
2 |
|a RU
|b 63413507
|c 20171110
|g PSBO
|
| 942 |
|
|
|c BK
|